[Event "World Rapid Women 2019"]
[Site "Moscow RUS"]
[Date "2019.12.26"]
[Round "1.23"]
[White "Batsiashvili, Nino"]
[Black "Gvanceladze, Anna"]
[Result "1-0"]
[WhiteTitle "GM"]
[BlackTitle "WFM"]
[WhiteElo "2447"]
[BlackElo "2270"]
[WhiteFideId "13602993"]
[BlackFideId "4113721"]
[EventDate "2019.12.26"]
[EventType "rapid"]

1. c4 c6 2. Nf3 d5 3. e3 Nf6 4. Nc3 g6 5. d4 Bg7 6. Be2 O-O 7. O-O Bg4 8. h3
Bxf3 9. Bxf3 e6 10. b3 Nbd7 11. Bb2 Re8 12. Qd2 a6 13. Rad1 Rc8 14. Rfe1 b5 15.
e4 dxc4 16. bxc4 bxc4 17. Ba3 Qa5 18. Bd6 e5 19. Ne2 Qxd2 20. Rxd2 Bf8 21. Bxf8
Kxf8 22. Rc1 exd4 23. Rxd4 Ne5 24. Nc3 Rcd8 25. Rcd1 Rxd4 26. Rxd4 Ke7 27. Be2
Rd8 28. Rxd8 Kxd8 29. Kf1 g5 30. Ke1 Ne8 31. Kd2 Nd6 32. g3 Kc7 33. f4 gxf4 34.
gxf4 Ng6 35. Ke3 f6 36. Na4 a5 37. Bh5 Nb5 38. Nc5 Nc3 39. Bxg6 hxg6 40. h4 Kd6
41. Nb7+ Ke6 42. Nxa5 Nxa2 43. Nxc6 Nc3 44. Nd4+ Kf7 45. Nf3 Nb5 46. Nd2 Nd6 47.
Kd4 g5 48. hxg5 fxg5 49. fxg5 Kg6 50. e5 Nf7 51. Nf3 Nxe5 52. Kxe5 c3 53. Kf4 c2
54. Ne5+ 1-0

[Event "World Rapid Women 2019"]
[Site "Moscow RUS"]
[Date "2019.12.26"]
[Round "1.24"]
[White "Gevorgyan, Maria"]
[Black "Bulmaga, Irina"]
[Result "0-1"]
[WhiteTitle "WGM"]
[BlackTitle "IM"]
[WhiteElo "2255"]
[BlackElo "2434"]
[WhiteFideId "13300270"]
[BlackFideId "13903063"]
[EventDate "2019.12.26"]
[EventType "rapid"]

1. e4 e5 2. Nf3 Nc6 3. d4 exd4 4. Nxd4 Nf6 5. Nxc6 bxc6 6. e5 Qe7 7. Qe2 Nd5 8.
h4 f6 9. exf6 Qxe2+ 10. Bxe2 Nxf6 11. c4 Bc5 12. Nc3 O-O 13. Be3 Bxe3 14. fxe3
Re8 15. Kd2 Rb8 16. b3 d5 17. Raf1 Be6 18. Rf4 Rbd8 19. c5 a5 20. Rc1 Bf7 21. g4
Re7 22. Bd3 Rde8 23. Re1 Nd7 24. Na4 Ne5 25. Bc2 d4 26. e4 Ng6 27. Rf2 Nxh4 28.
Nb2 Ng6 29. Nd3 Rxe4 30. Ref1 R4e7 31. b4 Bxa2 32. bxa5 Bc4 33. Rb1 Ne5 34. Rb4
Nxg4 35. Rf4 Re2+ 36. Kc1 Rxc2+ 37. Kxc2 Ne3+ 38. Kd2 Bxd3 39. Rbxd4 Bb5 40. Rd7
Nc4+ 41. Kc3 Nxa5 42. Rff7 Re3+ 43. Kd2 Rg3 44. Rf4 h5 45. Rxc7 Nc4+ 46. Ke1 Ne5
47. Rf5 Re3+ 48. Kf2 Ng4+ 49. Kg2 Re5 50. Rff7 Rg5 51. Kh3 Nf6 52. Rfe7 Kh7 53.
Kh4 Rg4+ 54. Kh3 Nd5 55. Re5 Nxc7 0-1

[Event "World Rapid Women 2019"]
[Site "Moscow RUS"]
[Date "2019.12.26"]
[Round "1.25"]
[White "Sargsyan, Anna M."]
[Black "Tomilova, Elena"]
[Result "1-0"]
[WhiteTitle "WIM"]
[BlackTitle "WGM"]
[WhiteElo "2382"]
[BlackElo "2341"]
[WhiteFideId "13308130"]
[BlackFideId "4162340"]
[EventDate "2019.12.26"]
[EventType "rapid"]

1. d4 Nf6 2. c4 e6 3. Nf3 b6 4. g3 Bb4+ 5. Bd2 c5 6. Bg2 Bb7 7. Bxb4 cxb4 8. O-O
a5 9. a3 Na6 10. d5 O-O 11. Nh4 exd5 12. cxd5 Re8 13. Re1 g6 14. Qd4 d6 15. Nd2
bxa3 16. bxa3 Nc5 17. Rab1 Ba6 18. Bf1 Rb8 19. e4 Bxf1 20. Kxf1 Ng4 21. f3 Ne5
22. Kg2 a4 23. f4 Ng4 24. Nhf3 Nf6 25. h3 Rc8 26. Re3 Nh5 27. Qb4 Rb8 28. Qd4
Rc8 29. Rb4 Rb8 30. Rb1 Rc8 31. Rd1 b5 32. e5 Ng7 33. g4 h5 34. Rb1 Qd7 35. Kg3
Re7 36. Ng5 Rd8 37. Nge4 Nxe4+ 38. Nxe4 Ne8 39. exd6 Rxe4 40. Qxe4 Qxd6 41. Qe5
Qb6 42. Rc1 Nd6 43. Rc6 Qb8 44. Qf6 Nc4 45. Re7 Rf8 46. Rcc7 Nd2 47. Qxg6+ Kh8
48. Qxh5+ Kg8 49. Rxf7 1-0

[Event "World Rapid Women 2019"]
[Site "Moscow RUS"]
[Date "2019.12.26"]
[Round "1.27"]
[White "Badelka, Olga"]
[Black "Semenova, Elena1"]
[Result "1/2-1/2"]
[WhiteTitle "IM"]
[BlackTitle "WIM"]
[WhiteElo "2399"]
[BlackElo "2290"]
[WhiteFideId "13509926"]
[BlackFideId "24125148"]
[EventDate "2019.12.26"]
[EventType "rapid"]

1. Nf3 d5 2. g3 Nf6 3. Bg2 e6 4. O-O Be7 5. d3 O-O 6. Nbd2 c5 7. e4 Nc6 8. Re1
Qc7 9. Nf1 Rd8 10. e5 Nd7 11. Bf4 b5 12. h4 Bb7 13. N1h2 Nf8 14. h5 h6 15. Ng4
Rdc8 16. Qd2 Qd8 17. a4 b4 18. c4 dxc4 19. dxc4 Qxd2 20. Nxd2 Rd8 21. Nb3 Rd3
22. Re3 Rad8 23. Be4 Rd1+ 24. Re1 Rxa1 25. Rxa1 Na5 26. Bxb7 Nxb7 27. a5 a6 28.
Kf1 Rd3 29. Nd2 Rd8 30. Ke2 Nd7 31. Nb3 Nb8 32. Be3 Nc6 33. f4 Rd7 34. Nf2 Bd8
35. Ne4 Nbxa5 36. Nxa5 Nxa5 37. Nxc5 Re7 38. Nxa6 Nxc4 39. Nxb4 Rb7 40. Nd3 Be7
41. Bd4 Rd7 42. Bc3 Rb7 43. Ra8+ Kh7 44. g4 Nb6 45. Ra1 Nd5 46. Rg1 g6 47. hxg6+
Kxg6 48. Bd2 Bd8 49. Rf1 Ne7 50. b4 Bb6 51. Rh1 Bd4 52. Kf3 Rc7 53. Rc1 Rd7 54.
Ke2 h5 55. gxh5+ Kxh5 56. b5 Kg4 57. Rb1 Nf5 58. Rb4 Bb6 59. Ne1 Ng3+ 60. Kd1
Ba5 61. Rb2 Ne4 62. b6 Bxb6 63. Rxb6 Rxd2+ 64. Kc1 Rd7 65. Rb4 Kxf4 66. Kc2 Kxe5
67. Nd3+ Kf5 68. Rb5+ Rd5 69. Rb1 e5 70. Rf1+ Ke6 71. Ra1 f5 72. Ra6+ Rd6 73.
Ra5 Rd5 74. Ra6+ Nd6 75. Kc3 f4 76. Nb4 Rd1 77. Nd3 f3 78. Kc2 Rh1 79. Kd2 e4
80. Nf2 Rb1 81. Nxe4 Ke5 82. Nxd6 f2 83. Nc4+ Kd4 84. Ra4 f1=Q 85. Ne3+ Kc5 86.
Nxf1 1/2-1/2

[Event "World Rapid Women 2019"]
[Site "Moscow RUS"]
[Date "2019.12.26"]
[Round "1.28"]
[White "Protopopova, Anastasiya"]
[Black "Mkrtchian, Lilit"]
[Result "1-0"]
[WhiteTitle "WFM"]
[BlackTitle "IM"]
[WhiteElo "2230"]
[BlackElo "2395"]
[WhiteFideId "24172073"]
[BlackFideId "13300601"]
[EventDate "2019.12.26"]
[EventType "rapid"]

1. d4 e6 2. c4 b6 3. e4 Bb4+ 4. Bd2 Bxd2+ 5. Qxd2 d5 6. Bd3 Ba6 7. cxd5 Bxd3 8.
Qxd3 exd5 9. e5 Ne7 10. Ne2 O-O 11. O-O c5 12. f4 Nbc6 13. Nbc3 Qd7 14. Rad1 c4
15. Qf3 f5 16. exf6 Rxf6 17. g4 b5 18. Nxb5 Rb8 19. Nbc3 Rxb2 20. Rb1 Rxb1 21.
Nxb1 Rf8 22. Nbc3 Qd6 23. Kh1 Rb8 24. f5 Rb2 25. Qe3 h6 26. f6 gxf6 27. Qxh6 Qb8
28. Rxf6 Rb1+ 29. Kg2 Re1 30. Qg5+ 1-0

[Event "World Rapid Women 2019"]
[Site "Moscow RUS"]
[Date "2019.12.26"]
[Round "1.29"]
[White "Gaponenko, Inna"]
[Black "Komiagina, Maria"]
[Result "1-0"]
[WhiteTitle "IM"]
[BlackTitle "WIM"]
[WhiteElo "2396"]
[BlackElo "2233"]
[WhiteFideId "14101181"]
[BlackFideId "4153987"]
[EventDate "2019.12.26"]
[EventType "rapid"]

1. e4 c5 2. Nf3 Nc6 3. d4 cxd4 4. Nxd4 Nf6 5. Nc3 d6 6. Bg5 e6 7. Qd2 a6 8.
O-O-O Bd7 9. f4 b5 10. Bxf6 gxf6 11. Kb1 Qb6 12. Nxc6 Bxc6 13. f5 b4 14. Ne2
Bxe4 15. fxe6 fxe6 16. Nf4 d5 17. Bd3 Bxd3 18. Qxd3 O-O-O 19. Rhe1 Rd6 20. Qh3
f5 21. Nxe6 Kb8 22. Qxf5 Be7 23. Qf7 Bd8 24. Nf4 Rf6 25. Qg7 Rxf4 26. Qxh8 Rf2
27. Rxd5 Kc8 28. Red1 1-0

[Event "World Rapid Women 2019"]
[Site "Moscow RUS"]
[Date "2019.12.26"]
[Round "1.30"]
[White "Borisova, Ekaterina"]
[Black "Khomeriki, Nino"]
[Result "1/2-1/2"]
[WhiteTitle "FM"]
[BlackTitle "WGM"]
[WhiteElo "2344"]
[BlackElo "2355"]
[WhiteFideId "34124184"]
[BlackFideId "13603191"]
[EventDate "2019.12.26"]
[EventType "rapid"]

1. Nf3 d5 2. g3 Bg4 3. Bg2 c6 4. h3 Bh5 5. O-O Nd7 6. d3 e6 7. e4 Bd6 8. exd5
cxd5 9. c4 Ne7 10. Nc3 O-O 11. cxd5 Nxd5 12. Nxd5 exd5 13. Qb3 Nb6 14. Be3 Bc7
15. a4 Bxf3 16. Bxf3 d4 17. Bd2 Nd7 18. Qxb7 Rb8 19. Qd5 Ne5 20. b4 Qxd5 21.
Bxd5 Nxd3 22. b5 Rfd8 23. Bg2 Nc5 24. Rac1 Bd6 25. Rc4 Nb3 26. Bb4 Bf8 27. Rb1
Bxb4 28. Rxb4 Nc5 29. Rc4 Ne6 30. a5 d3 31. b6 axb6 32. axb6 d2 33. Bf3 Ng5 34.
Bg4 f5 35. Be2 Nf7 36. Rc2 Kf8 37. Kf1 Ke7 38. h4 Rd6 39. Rc7+ Kf6 40. b7 Nd8
41. Bf3 Rxb7 42. Rcxb7 Nxb7 43. Rxb7 d1=Q+ 44. Bxd1 Rxd1+ 1/2-1/2

[Event "World Rapid Women 2019"]
[Site "Moscow RUS"]
[Date "2019.12.26"]
[Round "1.31"]
[White "Osmak, Iulija"]
[Black "Barchuk, Irina"]
[Result "0-1"]
[WhiteTitle "IM"]
[WhiteElo "2388"]
[BlackElo "2121"]
[WhiteFideId "14101602"]
[BlackFideId "14119005"]
[EventDate "2019.12.26"]
[EventType "rapid"]

1. d4 Nf6 2. Bf4 g6 3. e3 Bg7 4. Be2 d6 5. Nf3 O-O 6. O-O b6 7. a4 a6 8. c4 Nbd7
9. Nc3 Bb7 10. a5 c5 11. d5 bxa5 12. e4 Nh5 13. Bc1 Nb6 14. Ne1 Nf6 15. Bf4 Nfd7
16. Nf3 a4 17. Qc2 Rb8 18. Nxa4 Nxa4 19. Rxa4 Bc8 20. b3 Qb6 21. Nd2 e5 22. dxe6
fxe6 23. Bg3 Rb7 24. Rd1 Bd4 25. Nf3 e5 26. Rd3 Nb8 27. Nxd4 cxd4 28. b4 Bd7 29.
c5 dxc5 30. Ra1 Qxb4 31. Bxe5 Nc6 32. Bd6 Rc8 33. Bxc5 Qb2 34. Qc4+ Kg7 35.
Bxd4+ Nxd4 36. Qxd4+ Qxd4 37. Rxd4 Bb5 38. Bxb5 axb5 39. Rb1 b4 40. g3 b3 41.
Rd2 Rc4 42. f3 Kf6 43. Kf2 Ke5 44. Rbb2 Rc3 45. Ke2 Rbc7 46. Rd3 Rc2+ 47. Rd2
R2c3 48. Rd5+ Ke6 49. Rd3 Rc2+ 50. Rd2 R2c3 51. Rb1 Rf7 52. f4 Rb7 53. Rbb2 Rb4
54. e5 Kf5 55. Rd3 Rc2+ 56. Rxc2 bxc2 57. Rc3 Rb2 58. Kf3 Rb3 59. g4+ Ke6 60.
Rxb3 c1=Q 61. Rb6+ Kd5 62. Rd6+ Kc5 63. f5 gxf5 64. gxf5 Qg5 65. Rd3 Qxf5+ 66.
Ke2 Qxe5+ 67. Kf3 Qxh2 68. Ke4 Qg2+ 69. Kf4 h5 70. Rg3 Qd2+ 71. Kf3 Kd5 72. Rh3
Qg5 73. Rg3 Qf5+ 74. Kg2 Ke4 75. Kh2 h4 76. Rg1 Qf2+ 77. Rg2 Qf4+ 78. Kh3 Qf3+
79. Kh2 Kf4 80. Rg1 Ke3 81. Re1+ Kd2 82. Rg1 Ke2 83. Rg2+ Ke3 84. Rg1 Qf4+ 85.
Kh3 Qf2 86. Rg4 Qf5 87. Kxh4 Kf3 88. Rg3+ Kf2 89. Rg2+ Kf1 90. Rg3 Qf6+ 91. Kh3
Kf2 92. Rg2+ Kf1 93. Rg3 Qf5+ 94. Kh4 Qe4+ 95. Rg4 Qe7+ 96. Kh3 Qe6 97. Kg3 Ke2
98. Rf4 Qe5 99. Kg4 Ke3 100. Rf3+ Ke2 101. Rf5 Qe6 102. Kf4 Kd3 103. Re5 Qf6+
104. Rf5 Qd6+ 105. Kf3 Qe6 106. Rf4 Qh3+ 107. Kf2 Qe3+ 108. Kg2 Qxf4 0-1

[Event "World Rapid Women 2019"]
[Site "Moscow RUS"]
[Date "2019.12.26"]
[Round "1.32"]
[White "Strutinskaia, Galina"]
[Black "Zhukova, Natalia"]
[Result "1-0"]
[WhiteTitle "WGM"]
[BlackTitle "GM"]
[WhiteElo "2214"]
[BlackElo "2324"]
[WhiteFideId "4108558"]
[BlackFideId "14101513"]
[EventDate "2019.12.26"]
[EventType "rapid"]

1. d4 Nf6 2. Nf3 e6 3. c4 d5 4. Nc3 dxc4 5. e3 a6 6. Bxc4 b5 7. Be2 Bb7 8. O-O
Nbd7 9. b3 Be7 10. Bb2 O-O 11. Rc1 c5 12. a4 b4 13. Nb1 cxd4 14. Qxd4 Rc8 15.
Nbd2 Nc5 16. Bc4 Qa5 17. Qe5 Rfd8 18. Bd4 h6 19. Qg3 Ncd7 20. Be2 Bf8 21. Rfd1
Qf5 22. h3 Rc2 23. Rxc2 Qxc2 24. Ne1 Qf5 25. Qc7 Rb8 26. Ba7 Bxg2 27. Nxg2 Re8
28. Qg3 e5 29. e4 Nxe4 30. Nxe4 Qxe4 31. Qg4 Nf6 32. Qxe4 Nxe4 33. Rd7 Bc5 34.
Bxc5 Nxc5 35. Rc7 Nxb3 36. Bc4 Rd8 37. Bxf7+ Kf8 38. Bxb3 Rd3 39. Bc4 Rd1+ 40.
Kh2 a5 41. Ne3 Rb1 42. Rf7+ Ke8 43. Nf5 1-0

[Event "World Rapid Women 2019"]
[Site "Moscow RUS"]
[Date "2019.12.26"]
[Round "1.33"]
[White "Maltsevskaya, Aleksandra"]
[Black "Getman, Tatyana"]
[Result "1-0"]
[WhiteTitle "WGM"]
[BlackTitle "WFM"]
[WhiteElo "2318"]
[BlackElo "2265"]
[WhiteFideId "24174041"]
[BlackFideId "34166146"]
[EventDate "2019.12.26"]
[EventType "rapid"]

1. e4 c5 2. Nf3 d6 3. d4 cxd4 4. Nxd4 Nf6 5. Nc3 a6 6. g3 e5 7. Nb3 Be7 8. Bg2
O-O 9. O-O b5 10. a4 b4 11. Nd5 Nxd5 12. exd5 Nd7 13. Bd2 Rb8 14. c3 bxc3 15.
Bxc3 Nf6 16. Na5 Bd7 17. Nc6 Bxc6 18. dxc6 Qc7 19. Rc1 d5 20. Qe1 Bd6 21. Ba5
Qc8 22. c7 Rxb2 23. Rc6 Ne8 24. Bh3 f5 25. Rxd6 Nxd6 26. Qxe5 Nc4 27. Qxd5+ Kh8
28. Qxc4 Qd7 29. Qc5 1-0

[Event "World Rapid Women 2019"]
[Site "Moscow RUS"]
[Date "2019.12.26"]
[Round "1.34"]
[White "Injac, Teodora"]
[Black "Assaubayeva, Bibisara"]
[Result "0-1"]
[WhiteTitle "WIM"]
[BlackTitle "FM"]
[WhiteElo "2284"]
[BlackElo "2375"]
[WhiteFideId "932400"]
[BlackFideId "13708694"]
[EventDate "2019.12.26"]
[EventType "rapid"]

1. Nf3 Nf6 2. g3 g6 3. Bg2 Bg7 4. O-O O-O 5. d4 d5 6. Ne5 c6 7. c4 Ng4 8. cxd5
cxd5 9. Nxg4 Bxg4 10. Nc3 Nc6 11. h3 Bd7 12. e3 e6 13. b3 Rc8 14. Ba3 Re8 15.
Rc1 Qa5 16. Bb2 b5 17. a3 Qb6 18. Ne2 Na5 19. Nf4 Rxc1 20. Bxc1 b4 21. a4 Nb7
22. Nd3 a5 23. Bb2 Rc8 24. Qd2 Rc6 25. Rc1 Qc7 26. Bf1 f6 27. Bg2 Be8 28. e4
Rxc1+ 29. Nxc1 dxe4 30. Bxe4 Nd6 31. Bf3 e5 32. dxe5 fxe5 33. Bd5+ Kh8 34. Nd3
e4 35. Nf4 Bxb2 36. Qxb2+ Qg7 37. Qxg7+ Kxg7 38. Kf1 Kf6 39. h4 Ke5 40. Ke2 Nf5
41. Bg8 h6 42. Ng2 Kd4 43. Kd2 Bc6 44. Nf4 Be8 45. Ne6+ Ke5 46. Nc5 Bc6 47. Bf7
Kf6 48. Bc4 e3+ 49. fxe3 Nxg3 50. Kd3 Ke5 51. Bb5 Be4+ 52. Kd2 Nf5 53. Nd7+ Kd6
54. Nf6 Bc6 55. Bxc6 Kxc6 56. h5 gxh5 57. Nxh5 Nd6 58. Kd3 Nb7 59. Kc4 Nd6+ 60.
Kd4 Nb7 61. Kc4 Nc5 62. Ng3 Ne6 63. Nh5 Ng5 64. Ng3 Nf3 65. Kd3 Kd5 66. Nh5 Ne5+
67. Ke2 Nd7 68. Kd3 Nc5+ 69. Kc2 Ke4 70. Ng3+ Kf3 71. Nf5 h5 0-1

[Event "World Rapid Women 2019"]
[Site "Moscow RUS"]
[Date "2019.12.26"]
[Round "1.35"]
[White "Dordzhieva, Dinara"]
[Black "Nosacheva, Mariya"]
[Result "1-0"]
[WhiteTitle "WIM"]
[BlackTitle "WFM"]
[WhiteElo "2314"]
[BlackElo "2243"]
[WhiteFideId "24157570"]
[BlackFideId "34111422"]
[EventDate "2019.12.26"]
[EventType "rapid"]

1. d4 Nf6 2. c4 g6 3. Nc3 Bg7 4. g3 O-O 5. Bg2 d6 6. Nf3 a6 7. O-O Nbd7 8. e4
Rb8 9. a4 c5 10. d5 b5 11. axb5 axb5 12. cxb5 Ne8 13. Re1 Nc7 14. Bf1 Nb6 15.
Bf4 Bd7 16. e5 Bg4 17. h3 dxe5 18. Bxe5 Bxe5 19. Rxe5 Bd7 20. d6 Ne6 21. Re1
exd6 22. Qxd6 Qf6 23. Ne5 Rfd8 24. Nc6 Bxc6 25. Qxc6 Kg7 26. Ra7 Re8 27. Ne4
Qxb2 28. Nd6 Nd4 29. Nxe8+ Kh6 30. Qe4 g5 31. Rxf7 1-0

[Event "World Rapid Women 2019"]
[Site "Moscow RUS"]
[Date "2019.12.26"]
[Round "1.36"]
[White "Afonasieva, Anna"]
[Black "Ambartsumova, Karina"]
[Result "1/2-1/2"]
[WhiteTitle "WFM"]
[BlackTitle "IM"]
[WhiteElo "2302"]
[BlackElo "2341"]
[WhiteFideId "24173606"]
[BlackFideId "4166299"]
[EventDate "2019.12.26"]
[EventType "rapid"]

1. d4 Nf6 2. Nf3 g6 3. c4 Bg7 4. g3 O-O 5. Bg2 d6 6. O-O c6 7. Nc3 Bf5 8. Nh4
Be6 9. d5 cxd5 10. cxd5 Bd7 11. e4 b5 12. Be3 a5 13. Rc1 Na6 14. Ne2 Rc8 15. Qd2
Ng4 16. Bd4 Ne5 17. Rxc8 Bxc8 18. f4 Nc4 19. Qc3 Bxd4+ 20. Nxd4 Qb6 21. Kh1 Bd7
22. b3 Rc8 23. Nhf3 Ne5 24. Qd2 Nxf3 25. Bxf3 b4 26. e5 Rc3 27. Nc6 Bxc6 28.
dxc6 Qc5 29. exd6 exd6 30. Qe2 Nc7 31. Qe7 Nd5 32. Qe8+ Kg7 33. f5 Nf6 34. Qe7
d5 35. Qe5 g5 36. h4 h6 37. hxg5 hxg5 38. Qe2 Qxc6 39. Qd2 Kh6 40. Rf2 Rc1+ 41.
Kg2 Ne4 42. Bxe4 dxe4 43. Qd4 e3+ 44. Rf3 Rc2+ 45. Kh3 f6 46. Qxe3 Rc3 47. Qe7
g4+ 48. Kh4 Rxf3 49. Qf8+ Kh7 50. Qf7+ Kh8 51. Qf8+ Kh7 52. Qf7+ Kh8 1/2-1/2

[Event "World Rapid Women 2019"]
[Site "Moscow RUS"]
[Date "2019.12.26"]
[Round "1.37"]
[White "Voit, Daria"]
[Black "Fominykh, Maria"]
[Result "1-0"]
[WhiteTitle "WGM"]
[BlackTitle "WGM"]
[WhiteElo "2336"]
[BlackElo "2206"]
[WhiteFideId "4182146"]
[BlackFideId "4142411"]
[EventDate "2019.12.26"]
[EventType "rapid"]

1. d4 Nf6 2. Nf3 g6 3. c4 Bg7 4. Nc3 d6 5. Bg5 h6 6. Bh4 g5 7. Bg3 Nh5 8. e3 c5
9. Be2 O-O 10. dxc5 Nxg3 11. hxg3 dxc5 12. Qc2 f5 13. Rd1 Qa5 14. Kf1 Nc6 15. g4
fxg4 16. Nxg5 Bf5 17. Nge4 Nb4 18. Qc1 Nxa2 19. Nxa2 Bxe4 20. Nc3 Bxc3 21. bxc3
g3 22. f3 Qa6 23. Kg1 Bh7 24. Rh3 Qg6 25. Rd7 a5 26. e4 a4 27. Rxe7 a3 28. Rxh6
a2 29. Rxg6+ Bxg6 30. Qa1 Rfd8 31. Kf1 Rd2 32. Rxb7 Rc2 33. Ke1 Rc1+ 34. Qxc1
a1=Q 35. Qxa1 Rxa1+ 36. Kd2 Rg1 37. Rb5 Rxg2 38. Rxc5 Kf7 39. Ke3 Rg1 40. Rg5
Kf6 41. f4 Rc1 42. e5+ Kf7 43. f5 Bxf5 44. Rxf5+ Kg6 45. Bd3 Rxc3 46. Rf3+ 1-0

[Event "World Rapid Women 2019"]
[Site "Moscow RUS"]
[Date "2019.12.26"]
[Round "1.38"]
[White "Muetsch, Annmarie"]
[Black "Zimina, Olga"]
[Result "1/2-1/2"]
[WhiteTitle "WIM"]
[BlackTitle "IM"]
[WhiteElo "2227"]
[BlackElo "2390"]
[WhiteFideId "12971367"]
[BlackFideId "4132190"]
[EventDate "2019.12.26"]
[EventType "rapid"]

1. e4 c6 2. Nc3 d5 3. Nf3 Bg4 4. h3 Bxf3 5. Qxf3 Nf6 6. d3 e6 7. Qg3 Nbd7 8. Be2
Bb4 9. Bd2 O-O 10. e5 Ne8 11. d4 c5 12. a3 Ba5 13. dxc5 Bc7 14. Bf4 Nxc5 15. O-O
Rc8 16. b4 Nd7 17. Bd3 g6 18. Nb5 Bb8 19. Rfe1 Ng7 20. Bh6 a6 21. Nd4 Qb6 22.
Nf3 Qc7 23. Qh4 Rfe8 24. Ng5 Nf8 25. Qf4 Qe7 26. g4 Nd7 27. Nf3 f6 28. Bxg7 Qxg7
29. exf6 Qxf6 30. Qxf6 Nxf6 31. Ne5 Rf8 32. Kg2 Rc7 33. Re2 Ne8 34. Nf3 Ng7 35.
Rf1 Ba7 36. Ng5 Rc6 37. Rfe1 Rf6 38. Nf3 Rc8 39. Ng5 Rcf8 40. f3 Re8 41. h4 h6
42. Nh3 Ref8 43. f4 h5 44. g5 Rxf4 45. Nxf4 Rxf4 46. Rxe6 Nxe6 47. Rxe6 Rxh4 48.
Rxg6+ Kf7 49. Rf6+ Ke7 50. Rf3 Bb8 51. g6 Rg4+ 52. Kh3 Rf4 53. Rxf4 Bxf4 54. Kh4
Bc1 55. a4 Kf6 56. Kxh5 Bd2 57. b5 axb5 58. axb5 Be3 1/2-1/2

[Event "World Rapid Women 2019"]
[Site "Moscow RUS"]
[Date "2019.12.26"]
[Round "1.39"]
[White "Mamedjarova, Turkan"]
[Black "Bogumil, Tatiana"]
[Result "1-0"]
[WhiteTitle "WGM"]
[BlackTitle "WGM"]
[WhiteElo "2310"]
[BlackElo "2182"]
[WhiteFideId "13402005"]
[BlackFideId "4110579"]
[EventDate "2019.12.26"]
[EventType "rapid"]

1. d4 Nf6 2. c4 e6 3. Nc3 Bb4 4. Qc2 b6 5. e4 Bxc3+ 6. bxc3 d6 7. Nf3 Bb7 8. Bd3
Nbd7 9. h3 e5 10. Ba3 Qe7 11. O-O Nh5 12. Rfe1 Nf4 13. Bf1 O-O 14. Qd2 Ng6 15.
Rab1 Rad8 16. Qe3 c5 17. Rbd1 Nf6 18. Nd2 Bc8 19. Bc1 Bd7 20. Nf3 Ba4 21. Rd2
Qc7 22. Bd3 Rfe8 23. d5 Nh5 24. g3 Bd7 25. Bf1 Qc8 26. Kh2 h6 27. Ng1 Nf6 28.
Bg2 b5 29. Bf1 bxc4 30. Bxc4 Bxh3 31. f3 Bd7 32. Qd3 Qc7 33. Rg2 Rb8 34. Be3 Qa5
35. Qd2 Qa3 36. Qd3 Qa5 37. Bb3 Bb5 38. Qd2 Ba4 39. Bc4 Bb5 40. Bd3 Bxd3 41.
Qxd3 Qb5 42. c4 Qa4 43. Qc3 Rb4 44. Rc2 Reb8 45. Bc1 R4b7 46. Nh3 Qb4 47. Qe3
Qa4 48. Qe2 Qd7 49. Nf2 Rb4 50. f4 Re8 51. f5 Nf8 52. g4 N6h7 53. Kg2 f6 54. Rh1
Ng5 55. Nh3 Reb8 56. Rc3 Qa4 57. Nxg5 hxg5 58. Ra3 Qd7 59. Kg3 Qb7 60. Qh2 Rxc4
61. Bd2 Rxe4 62. Rb3 Qc8 63. Rxb8 Qxb8 64. Qh8+ Kf7 65. Rh7 Nxh7 66. Qxb8 Rd4
67. Qxa7+ Kg8 68. Qb8+ Nf8 69. Ba5 Rd3+ 70. Kf2 Rxd5 71. Qb3 1-0

[Event "World Rapid Women 2019"]
[Site "Moscow RUS"]
[Date "2019.12.26"]
[Round "1.41"]
[White "Kashlinskaya, Alina"]
[Black "Nurgali, Nazerke"]
[Result "1/2-1/2"]
[WhiteTitle "IM"]
[BlackTitle "WFM"]
[WhiteElo "2484"]
[BlackElo "2336"]
[WhiteFideId "4198026"]
[BlackFideId "13711261"]
[EventDate "2019.12.26"]
[EventType "rapid"]

1. d4 d5 2. c4 e6 3. Nc3 Nf6 4. cxd5 exd5 5. Bg5 Be7 6. e3 h6 7. Bh4 O-O 8. Bd3
b6 9. Nge2 Bb7 10. O-O c5 11. Rc1 Nbd7 12. dxc5 bxc5 13. Qc2 Qa5 14. Rfd1 Rfd8
15. Bf5 Nf8 16. e4 d4 17. e5 Nd5 18. Nxd5 Bxh4 19. Ndf4 Be7 20. b4 Qc7 21. e6
Bd6 22. Qd2 d3 23. Bxd3 fxe6 24. bxc5 Bxc5 25. Qc3 Rac8 26. Bc4 Rxd1+ 27. Rxd1
Bxf2+ 28. Kxf2 Qxc4 29. Qe5 Qc5+ 30. Qxc5 Rxc5 31. Rd8 Rc8 32. Rd6 Rc2 33. a3 e5
34. Nd3 e4 35. Ne5 Rc5 36. Nd7 Nxd7 37. Rxd7 Rb5 38. Nd4 Rd5 39. Rxb7 Rxd4 40.
Rxa7 Rd2+ 41. Kf1 Ra2 42. Re7 Rxa3 1/2-1/2

[Event "World Rapid Women 2019"]
[Site "Moscow RUS"]
[Date "2019.12.26"]
[Round "1.42"]
[White "Serikbay, Assel"]
[Black "Manakova, Maria"]
[Result "1/2-1/2"]
[WhiteTitle "WIM"]
[BlackTitle "WGM"]
[WhiteElo "2286"]
[BlackElo "2238"]
[WhiteFideId "13706799"]
[BlackFideId "927007"]
[EventDate "2019.12.26"]
[EventType "rapid"]

1. d4 Nf6 2. c4 e6 3. g3 c5 4. d5 exd5 5. cxd5 d6 6. Nc3 g6 7. Bg2 Bg7 8. Nf3
O-O 9. O-O a6 10. a4 Re8 11. Nd2 Nbd7 12. e4 Rb8 13. a5 b5 14. axb6 Nxb6 15. Qc2
Ng4 16. h3 Ne5 17. f4 Nec4 18. Nf3 f5 19. b3 fxe4 20. Ng5 Qf6 21. Ngxe4 Qd4+ 22.
Kh2 Bf5 23. bxc4 Bxe4 24. Nxe4 Qxa1 25. Nxd6 Red8 26. Ne4 Qd4 27. Rd1 Qxc4 28.
Qxc4 Nxc4 29. Nxc5 a5 30. Ne6 Rd6 31. f5 Be5 32. fxg6 hxg6 33. Be4 Rb3 34. Nf4
Ne3 35. Rd3 Rxd3 36. Nxd3 Nf1+ 37. Kg2 Nxg3 38. Bf3 Nf5 39. Nxe5 Nh4+ 40. Kg3
Nxf3 41. Kxf3 Rxd5 42. Nxg6 Rd3+ 43. Kg4 a4 44. Nf4 Rc3 45. Bb2 Rb3 46. Be5 a3
47. h4 a2 48. h5 Kh7 49. Ne6 Rb4+ 50. Kg3 Kh6 51. Nf4 Kg5 52. h6 Kxh6 53. Kf3
Kg5 54. Ne2 Kf5 55. Bg7 Rb3+ 56. Kf2 Rb7 57. Ba1 Rb1 58. Bh8 a1=Q 59. Bxa1 Rxa1
60. Ke3 Ra3+ 61. Kd4 Ra4+ 62. Kd3 Ke5 63. Nc3 Ra3 64. Kc4 Ra1 65. Kd3 Ra8 66.
Kc4 Rd8 67. Nb5 Rc8+ 68. Kd3 Rc5 69. Nc3 Rc6 70. Nb5 Rc8 71. Nc3 Rc5 72. Na4
Rd5+ 73. Ke3 Rd4 74. Nc3 Rh4 75. Kd3 Kd6 76. Ne4+ Kd5 77. Nc3+ Kc5 78. Ne4+ Kb4
79. Kd4 Rh8 80. Kd5 Rd8+ 81. Nd6 Kc3 82. Kc5 Kd3 83. Kd5 Ke3 1/2-1/2